| 000 | 00866nam a22002537a 4500 | ||
|---|---|---|---|
| 001 | BINCO | ||
| 003 | CO-MdBIC | ||
| 005 | 20220427162505.0 | ||
| 008 | 220427b2008 spaa|||| |||| 00| 0 spa d | ||
| 020 | _a9788423688142 | ||
| 040 |
_a CO-MdBIC _bspa. _cCO-MdBIC _d CO-MdBIC |
||
| 041 | _aspa | ||
| 082 |
_222 _a398.2 _bG216 |
||
| 100 | _a García Sabatés, Berta | ||
| 245 |
_a Disfruta con la mitología _c/García Sabatés, Berta, escritora |
||
| 250 | _aPrimera edición | ||
| 260 | 1 |
_aBarcelona, España: _bedebé, _c[2008] |
|
| 260 | 4 | _a© 2008 | |
| 300 |
_a95 paginas; _bilustraciones a color: _c27 cm. |
||
| 500 | _aAprende los valores de las historias de los dioses y los héroes de la mitología griega con actividades, juegos y manualidades muy divertidas. | ||
| 650 | _xmitología | ||
| 700 |
_aRovira, Francesc, _d1958 _eilustrador |
||
| 942 | _cLGB | ||
| 999 |
_c67825 _d67825 |
||